000 00354nam a22001457a 4500
020 _qHB.
040 _cFIZZA ISHAQ
082 _a551.49015
_bNEV
100 _aKRESIC, NEVEN.
_985753
245 _aHYDROGEOLOGY AND GROUND WATER MODELING /
_cNEVEN KRESIC.
250 _a2nd ED.
260 _aNEW YORK :
_c2007.
300 _a807 P. ;
942 _2ddc
_cBK
999 _c587098
_d587098